000 00342nam a2200121Ia 4500
008 220204s9999 xx 000 0 und d
082 _a330.34
_bLIT
100 _aLITTLE, Jan M D
245 0 _aEconomic development: Theory policy and international relations
260 _aNew York
_bBasic
_c1982
650 _aEconomic development
942 _cBK
999 _c37036
_d37036